Statistics for FIFA 22 Top 22 Players

Click here to take the quiz!

General Stats

  • This quiz has been taken 2,278 times
  • The average score is 19 of 22

Answer Stats

OVRPlayerClub% Correct
93Lionel MessiParis Saint-Germain
100%
91Kylian MbappéParis Saint-Germain
98%
91Cristiano RonaldoManchester United
97%
91NeymarParis Saint-Germain
97%
90Harry KaneTottenham Hotspur
96%
89Mohamed SalahLiverpool
95%
92Robert LewandowskiBayern Munich
95%
91Kevin De BruyneManchester City
94%
89Heung-min SonTottenham Hotspur
92%
89Sadio ManéLiverpool
91%
89Virgil van DijkLiverpool
89%
89Karim BenzemaReal Madrid
88%
90Manuel NeuerBayern Munich
88%
89Alisson BeckerLiverpool
87%
91Jan OblakAtlético Madrid
87%
90N'Golo KantéChelsea
84%
90Marc-André Ter StegenBarcelona
83%
89Ederson MoraesManchester City
81%
89Joshua KimmichBayern Munich
81%
89Thibaut CourtoisReal Madrid
79%
89Gianluigi DonnarummaParis Saint-Germain
77%
89CasemiroReal Madrid
70%

Score Distribution

Percentile by Number Answered

Percent of People with Each Score

Your Score History

You have not taken this quiz